Peter Altenberg

Bibliographic Details
Main Author: Kalný, Slavo, 1929-2022 (Author)
Format: Article
Language:Slovak
PhysicalDescription:Fotogr. 1
Subjects:

MARC

LEADER 00000nab a2200000 a 4500
001 vtls000571958
003 SK-MaSNL
005 20260304000309.0
008 150430c1996 xo 0 slo
015 |a SNBRB19rr/mm-uuuuu 
035 |a CL0572096 
040 |a SNKBUCL  |b slo  |c SNKBUCL  |e AACR2 
041 0 |a slo 
044 |a xo  |c SK 
080 |a 07-051  |2 1981 
080 |a 929 Altenberg, Peter  |2 1981 
100 1 |a Kalný, Slavo,  |d 1929-2022  |4 aut  |9 232327 
245 1 0 |a Peter Altenberg  |c Slavo Kalný 
300 |b Fotogr. 1 
600 1 7 |a Altenberg, Peter,  |d 1859-1919  |2 snkbucl  |9 42294 
655 7 |a články z novín a časopisov  |2 snkbucl  |9 267496 
773 0 |t Národná obroda  |g Roč. 7, č. 4 (5. 1. 1996) 
773 0 |t [Príl.] NO víkend  |g S. IV 
850 |a Slovenská národná knižnica v Martine  |a MTA001 
852 |a SNK  |b KIS3GCP 
958 |a RK 
958 |a BC 
992 |a RBX 
999 |c 2530613  |d 2532543